| 000 | 00660nam a2200217 a 4500 | ||
|---|---|---|---|
| 001 | 18293 | ||
| 003 | CO-ViMGA | ||
| 008 | 141112s2004 ck r 000 u spa d | ||
| 020 | _a8472901084 | ||
| 040 |
_aCO-ViMGA _bspa _cCO-ViMGA |
||
| 082 | 0 | 4 | _aMEVIGAPOR.65 M174 |
| 100 | 1 |
_aMathias, Paul _926069 |
|
| 245 | 1 | 0 | _aLa Ciudad de Internet |
| 260 |
_aBarcelona, _cEdiciones Bellaterra, _c1998 |
||
| 300 | _a123 p. | ||
| 490 | _aBiblioteca del ciudadano | ||
| 590 | _aForma de adquisición : Premio Mincultura - - Precio : 23.400 | ||
| 650 | 1 | 4 |
_aCIBERDEMOCRACIA _926070 |
| 650 | 1 | 4 |
_aINTERNET - RED DE COMPUTADORES - ASPECTOS SOCIALES _926071 |
| 942 |
_2ddc _cBK |
||
| 999 |
_c27637 _d27637 |
||